NFL First Team All Pro Kick Returners - Statistics

General Stats
  • This quiz has been taken 29 times
    11 since last reset
  • The average score is 15 of 49
Answer Stats
Year Team Quarterback % Correct
2010 Bears Devin Hester
100%
2007 Bears Devin Hester
100%
2006 Bears Devin Hester
100%
2023 Packers Keisean Nixon
88%
2022 Packers Keisean Nixon
88%
1992 Falcons Deion Sanders
75%
2020 Bears Cordarrelle Patterson
63%
2019 Bears Cordarrelle Patterson
63%
2016 Vikings Cordarrelle Patterson
63%
2013 Vikings Cordarrelle Patterson
63%
2024 Cowboys KaVontae Turpin
63%
1977 Oilers Billy Johnson
50%
2014 Bengals Adam Jones
38%
1995 Redskins Brian Mitchell
38%
2012 Ravens Jacoby Jones
38%
2009 Browns Josh Cribbs
38%
1980 Chiefs J. T. Smith
38%
2011 Cardinals Patrick Peterson
38%
2025 Bills Ray Davis
38%
2001 Panthers Steve Smith
38%
2018 Jets Andre Roberts
25%
2003 Chiefs Dante Hall
25%
1997 Chargers Eric Metcalf
25%
1993 Browns Eric Metcalf
25%
1994 Lions Mel Gray
25%
1991 Lions Mel Gray
25%
1990 Lions Mel Gray
25%
1989 Steelers Rod Woodson
25%
1985 Rams Ron Brown
25%
2021 Jets Braxton Berrios
13%
2000 Titans Derrick Mason
13%
1982 Broncos Rick Upchurch
13%
1978 Broncos Rick Upchurch
13%
1976 Broncos Rick Upchurch
13%
2015 Seahawks Tyler Lockett
13%
1986 Seahawks Bobby Joe Edmonds
0%
2004 Lions Eddie Drummond
0%
1999 Bears Glyn Milburn
0%
1984 Rams Henry Ellard
0%
1998 Ravens Jermaine Lewis
0%
2005 Texans Jerome Mathis
0%
2008 Jets Leon Washington
0%
1981 Rams LeRoy Irvin
0%
1996 Panthers Michael Bates
0%
2002 Saints Michael Lewis
0%
1983 Redskins Mike Nelms
0%
2017 Rams Pharoh Cooper
0%
1979 Dolphins Tony Nathan
0%
1987 Cardinals Vai Sikahema
0%
No matching quizzes found
Score Distribution
Percent of People with Each Score
Percentile by Number Answered
Your Score History
You have not taken this quiz since the last reset